Представление документа в формате RUSMARC

ПолеНазваниеЗначение
  Тип записи a
  Библиографический уровень m
001 Контрольный номер UONB/MAIN/1478bf99055d43ffb47a8e56948c5ef3
005 Дата корректировки 20260429173857.7
010 Индекс ISBN __
d Цена 9 р.
100 Данные общей обработки __
a Данные общей обработки 20260424d1947 u y0rusy0189 ca
101 Язык документа 1_
a Язык текста rus
c Язык оригинала eng
102 Страна публикации __
a Страна публикации RU
105 Кодированные данные (монография) __
a Кодированные данные (монография) a z 001yy
200 Заглавие и сведения об ответственности 1_
a Заглавие Что такое жизнь? С точки зрения физика
f Первые сведения об ответственности Эрвин Шредингер
g Последующие сведения об ответственности перевод с английского А. А. Малиновского
e Сведения, относящиеся к заглавию лекции, читанные в Тринити-колледже в Дублине в феврале 1943 года
203 Вид содержания и тип средства __
a Вид содержания Текст
b Характеристика содержания визуальный
c Тип средства непосредственный
210 Выходные данные 1_
a Место издания Москва
c Издательство Государственное издательство иностранной литературы
d Дата издания 1947
215 Физическое описание __
a Объем 146 с.
606 Тематические рубрики 0_
a Основная рубрика Физика
606 Тематические рубрики 0_
a Основная рубрика Вселенная
610 Ключевые слова 0_
a Ключевые слова жизнь; биофизика; физика жизни; Вселенная; эволюция Вселенной
675 Индекс УДК __
a Индекс УДК 530.1
700 Автор _1
a Фамилия Шредингер
b Имя (инициалы) Э.
g Полное личное имя Эрвин
f Даты 1887-1961
702 Вторичная интеллектуальная ответственность _1
a Фамилия Малиновский
b Имя (инициалы) А. А.
4 Код отношения 730
801 Источник записи _0
a Страна RU
b Организация Ульяновская ОНБ
c Дата составления 20260424
g Правила каталогизации RCR
801 Источник записи _1
a Страна RU
b Организация Ульяновская ОНБ
c Дата составления 20260424
g Правила каталогизации RCR
901 Тип документа __
t Тип документа m
909 Создатель записи __
a Создатель записи Горбунова
b Дата создания записи 20260424